000
00254nam a2200109Ia 4500
008
190912s9999||||xx |||||||||||||| ||und||
100
_a
Silberschatz
245
0
_a
Operating System Concepts
260
_a
USA
_b
Education
_c
2002
300
_a
888
942
_c
BK
999
_c
7589
_d
7589